Statistiques concernant Quiz sur la Lituanie

Cliquez ici pour prendre le quiz!

Statistiques générales

  • Ce quiz a été pris 4 299 fois
  • Le résultat moyen est 12 sur 20

Statistiques - réponses

QuestionRéponse% Correct
Pays frontaliersLettonie
97%
Pays frontaliersRussie
97%
Pays frontaliersPologne
95%
Capitale et plus grande villeVilnius
95%
Pays frontaliersBiélorussie
93%
Mer qui borde la LituanieMer Baltique
87%
Pays auquel la Lituanie appartenait de 1940 à 1991Union Soviétique
87%
La Lituanie est le deuxième pays qui consomme le plus d'____ par habitant
en moyenne, la Moldavie étant le seul pays qui fait pire dans le monde
Alcool
63%
État lituanien qui existait de 1236 à 1795 et qui recouvrait près d'un million de
kilomètres carrés à son apogée, soit une superficie équivalente à 3 fois l'Italie
Grand-{duché}
de Lithuanie
60%
Oiseau national de la Lituanie, qui est également cher aux alsaciensCigogne blanche
59%
Exclave de ce dernier pays qui constitue sa frontière avec la LituanieKaliningrad
58%
La Lituanie fut le dernier pays ____ d'Europe : elle n'est devenue chrétienne qu'en 1387Païen
51%
Durant l'Antiquité, la Lituanie fournissait cette résine fossile orangée aux RomainsAmbre
50%
Tubercule comestible qui est à la base des cepelinai, boulettes salées lituaniennesPommes de terre
50%
Sport le plus populaire, qui était notamment pratiqué par Arvydas SabonisBasketball
48%
Deuxième ville la plus peuplée, dont le nom fait généralement sourire les françaisKaunas
44%
Sur une colline lituanienne servant notamment de lieu de culte et de pélerinage, mais
aussi de symbole de l'indépendance, on trouve un total impressionnant de 150 000...
Croix
30%
Guerre qui a ravagé la Lituanie de 1700 à 1721, tuant 40% de sa populationGrande guerre du {Nord}
28%
Union monarchique entre la Lituanie et le pays frontalier #3
qui a dominé l'Europe de l'Est entre 1569 et 1795
République des
{Deux}-{Nations}
19%
Devise monétaire utilisée jusqu'à l'adoption de l'euro en 2015Litas
8%

Distribution des résultats

Percentile par nombre de réponses

% des personnes avec chaque résultat

Votre développement - résultats

Vous n’avez pas pris ce quiz